[Event "ODJM C 2022"]
[Site "Willingen GER"]
[Date "2022.06.07"]
[Round "4"]
[White "Kulgemeyer, Justus"]
[Black "Schwedhelm, Dennis"]
[Result "0-1"]
[Termination "normal"]
[Board "27"]
[WhiteElo "797"]
[BlackElo "1154"]
[PlyCount "104"]
[WhiteFideId "34623671"]
[BlackFideId "16228995"]
[EventCountry "GER"]
[EventRounds "9"]
[EventType "swiss"]
[EventDate "2022.06.04"]

1. d4 Nf6 2. Nc3 g6 3. Bf4 Bg7 4. Nf3 O-O 5. e3 d6 6. h3 Nbd7 7. Bd3 Re8 8. Qd2
c5 9. d5 Nb6 10. e4 Nfd7 11. O-O-O Qc7 12. g4 e5 13. dxe6 fxe6 14. Bb5 e5 15.
Qxd6 Qxd6 16. Rxd6 exf4 17. Nd5 Nxd5 18. Rxd5 Re7 19. Bxd7 Bxd7 20. Rhd1 Bc6
21. Rxc5 Rxe4 22. Re1 Rxe1+ 23. Nxe1 Re8 24. Nd3 Re2 25. Nxf4 Rxf2 26. Ne6 Rh2
27. Nxg7 Kxg7 28. Rc3 Kf6 29. b3 Bg2 30. a4 Rxh3 31. Rxh3 Bxh3 32. Kd2 Bxg4 33.
Ke3 h5 34. a5 Ke5 35. c3 g5 36. c4 h4 37. Kf2 Kd4 38. b4 Kxc4 39. b5 Kxb5 40.
Ke1 Kxa5 41. Kf2 Kb4 42. Ke1 a5 43. Kd2 a4 44. Kc2 a3 45. Kb1 h3 46. Ka1 Kb3
47. Kb1 h2 48. Kc1 Kc3 49. Kb1 h1=Q+ 50. Ka2 Qd5+ 51. Kb1 Qb3+ 52. Ka1 Qb2# 0-1

[Event "ODJM C 2022"]
[Site "Willingen GER"]
[Date "2022.06.08"]
[Round "5"]
[White "Akcapinar, Timur"]
[Black "Rabus, Johann"]
[Result "1-0"]
[Termination "normal"]
[Board "3"]
[WhiteElo "1278"]
[BlackElo "1079"]
[WhiteClock "01:05:29"]
[BlackClock "01:07:50"]
[PlyCount "38"]
[WhiteFideId "16287509"]
[BlackFideId "34602950"]
[EventCountry "GER"]
[EventRounds "9"]
[EventType "swiss"]
[EventDate "2022.06.04"]

1. e4 {[%clk 1:30:51]} c6 {[%clk 1:30:39]} 2. d4 {[%clk 1:31:12]} d5 {[%clk
1:30:41]} 3. exd5 {[%clk 1:30:51]} cxd5 {[%clk 1:30:33]} 4. Bd3 {[%clk
1:29:05]} Nc6 {[%clk 1:27:35]} 5. c3 {[%clk 1:27:09]} Nf6 {[%clk 1:26:22]} 6.
Bf4 {[%clk 1:27:00]} e6 {[%clk 1:24:03]} 7. Nf3 {[%clk 1:20:39]} Bd6 {[%clk
1:19:30]} 8. Ne5 {[%clk 1:16:50]} Qc7 {[%clk 1:18:26]} 9. Qe2 {[%clk 1:12:48]}
O-O {[%clk 1:17:39]} 10. Nd2 {[%clk 1:11:20]} Nd7 {[%clk 1:13:35]} 11. Nxd7
Bxd7 {[%clk 1:11:28]} 12. Be3 {[%clk 1:08:56]} a6 {[%clk 1:09:18]} 13. Qh5
{[%clk 1:05:13]} h6 {[%clk 1:06:45]} 14. Bxh6 {[%clk 1:04:04]} gxh6 {[%clk
1:07:03]} 15. Qxh6 {[%clk 1:04:17]} Rfe8 {[%clk 1:07:18]} 16. Bh7+ {[%clk
1:04:37]} Kh8 {[%clk 1:07:30]} 17. Bg6+ {[%clk 1:05:03]} Kg8 {[%clk 1:07:42]}
18. Qh7+ {[%clk 1:05:29]} Kf8 {[%clk 1:07:50]} 19. Qxf7# Kg8 1-0

[Event "ODJM C 2022"]
[Site "Willingen GER"]
[Date "2022.06.08"]
[Round "5"]
[White "Pac, Maksym"]
[Black "Jansen, Malte"]
[Result "0-1"]
[Termination "normal"]
[Board "6"]
[WhiteElo "1033"]
[BlackElo "1391"]
[WhiteClock "00:05:08"]
[BlackClock "00:19:41"]
[PlyCount "87"]
[WhiteFideId "34623558"]
[BlackFideId "16295137"]
[EventCountry "GER"]
[EventRounds "9"]
[EventType "swiss"]
[EventDate "2022.06.04"]

1. d4 {[%clk 1:30:59]} e6 {[%clk 1:30:48]} 2. Nc3 {[%clk 1:31:25]} d5 {[%clk
1:30:56]} 3. Bf4 {[%clk 1:31:47]} Bd6 {[%clk 1:30:53]} 4. Bg3 {[%clk 1:30:09]}
Nf6 {[%clk 1:30:20]} 5. e3 {[%clk 1:30:09]} b6 {[%clk 1:29:23]} 6. Qf3 {[%clk
1:28:58]} O-O {[%clk 1:28:23]} 7. Nb5 {[%clk 1:27:42]} Bxg3 {[%clk 1:27:10]} 8.
Qxg3 {[%clk 1:25:42]} Ne8 {[%clk 1:24:46]} 9. Bd3 {[%clk 1:24:37]} Ba6 {[%clk
1:23:51]} 10. Qh3 {[%clk 1:21:41]} h6 {[%clk 1:22:50]} 11. O-O-O {[%clk
1:20:53]} Nd6 {[%clk 1:21:08]} 12. Nxd6 {[%clk 1:18:14]} Qxd6 {[%clk 1:19:43]}
13. Nf3 {[%clk 1:17:18]} Bxd3 {[%clk 1:18:17]} 14. Rxd3 {[%clk 1:17:14]} Nd7
{[%clk 1:16:33]} 15. g4 {[%clk 1:15:43]} f6 {[%clk 1:11:13]} 16. Qg2 {[%clk
1:13:32]} c5 {[%clk 1:05:01]} 17. h4 {[%clk 1:11:53]} c4 {[%clk 1:04:20]} 18.
Ra3 {[%clk 1:07:35]} a5 {[%clk 0:57:24]} 19. g5 {[%clk 1:02:15]} Kh7 {[%clk
0:50:04]} 20. gxh6 {[%clk 0:51:47]} gxh6 {[%clk 0:49:55]} 21. Qg3 {[%clk
0:48:07]} Qxg3 {[%clk 0:44:34]} 22. fxg3 {[%clk 0:48:25]} b5 {[%clk 0:42:59]}
23. c3 {[%clk 0:44:46]} b4 {[%clk 0:39:58]} 24. cxb4 {[%clk 0:43:45]} axb4
{[%clk 0:40:21]} 25. Rxa8 {[%clk 0:43:58]} Rxa8 {[%clk 0:40:41]} 26. Kb1 {[%clk
0:43:29]} h5 {[%clk 0:39:55]} 27. Rf1 {[%clk 0:41:06]} Kg6 {[%clk 0:38:14]} 28.
Nh2 {[%clk 0:38:46]} Rf8 {[%clk 0:34:37]} 29. g4 {[%clk 0:35:45]} hxg4 {[%clk
0:34:05]} 30. Nxg4 {[%clk 0:35:28]} Kh5 {[%clk 0:34:21]} 31. Rf4 {[%clk
0:35:10]} b3 {[%clk 0:29:13]} 32. axb3 {[%clk 0:33:20]} cxb3 {[%clk 0:28:15]}
33. Nf2 {[%clk 0:22:24]} Rg8 {[%clk 0:26:29]} 34. Kc1 {[%clk 0:20:22]} Rg3
{[%clk 0:24:08]} 35. Kd2 {[%clk 0:17:54]} f5 {[%clk 0:23:54]} 36. Nd3 {[%clk
0:16:33]} Nb6 {[%clk 0:21:34]} 37. Nc5 {[%clk 0:12:31]} Nc4+ {[%clk 0:21:20]}
38. Ke2 {[%clk 0:10:23]} Rxe3+ {[%clk 0:21:08]} 39. Kf2 {[%clk 0:10:19]} Rh3
{[%clk 0:19:41]} 40. Nxe6 {[%clk 0:08:54]} Nxb2 {[%clk 0:19:06]} 41. Ng7+
{[%clk 0:06:20]} Kh6 {[%clk 0:19:07]} 42. Nxf5+ {[%clk 0:06:05]} Kg6 {[%clk
0:19:22]} 43. Ne7+ {[%clk 0:05:08]} Kh5 {[%clk 0:19:41]} 44. Rf5+ 0-1

[Event "ODJM C 2022"]
[Site "Willingen GER"]
[Date "2022.06.08"]
[Round "5"]
[White "Gauer, Liam"]
[Black "Burdett, Sabah"]
[Result "1/2-1/2"]
[Termination "normal"]
[Board "9"]
[WhiteElo "1028"]
[BlackElo "1247"]
[PlyCount "106"]
[WhiteFideId "16235720"]
[BlackFideId "16267702"]
[EventCountry "GER"]
[EventRounds "9"]
[EventType "swiss"]
[EventDate "2022.06.04"]

1. d4 d5 2. Nc3 Bf5 3. Bf4 e6 4. e3 Bb4 5. Qd2 Nf6 6. f3 Nbd7 7. g4 Bg6 8. h4
h6 9. Bd3 Bxd3 10. Qxd3 Bd6 11. Nge2 Qe7 12. e4 dxe4 13. Nxe4 Nxe4 14. Qxe4
O-O-O 15. O-O-O Nf6 16. Bxd6 Rxd6 17. Qe5 Rd5 18. Qe3 Rhd8 19. c3 Ra5 20. Kb1
Qd6 21. Qf4 Qa6 22. Nc1 Rd7 23. Qd2 Qc6 24. Nb3 Rad5 25. Qe3 e5 26. g5 Nh5 27.
Kc2 Qg6+ 28. Kc1 exd4 29. Rxd4 Rxd4 30. Nxd4 Ng3 31. Rd1 b6 32. Nb5 Rxd1+ 33.
Kxd1 Qb1+ 34. Qc1 Qd3+ 35. Qd2 Qxb5 36. gxh6 Qf1+ 37. Kc2 gxh6 38. Qxh6 Qe2+
39. Kb3 Qd1+ 40. Ka3 Qd6+ 41. Qxd6 cxd6 42. Kb4 a5+ 43. Kc4 Kc7 44. Kd5 Kd7 45.
b4 a4 46. c4 Kc7 47. c5 bxc5 48. bxc5 dxc5 49. Kxc5 Kd7 50. Kb4 Kd6 51. Kxa4
Kc5 52. Ka5 Nh5 53. Ka6 Kc6 1/2-1/2

[Event "ODJM C 2022"]
[Site "Willingen GER"]
[Date "2022.06.08"]
[Round "5"]
[White "Menne, Lukas"]
[Black "Moissl, Felix"]
[Result "1-0"]
[Termination "normal"]
[Board "10"]
[WhiteElo "1150"]
[BlackElo "928"]
[PlyCount "43"]
[WhiteFideId "16288467"]
[BlackFideId "34623574"]
[EventCountry "GER"]
[EventRounds "9"]
[EventType "swiss"]
[EventDate "2022.06.04"]

1. d4 d5 2. Nf3 Nf6 3. Bf4 c5 4. c3 Nc6 5. e3 Bf5 6. Bd3 Bg6 7. Qe2 a6 8. Nbd2
e6 9. e4 dxe4 10. Nxe4 cxd4 11. cxd4 Nxd4 12. Nxd4 Qxd4 13. Nxf6+ Qxf6 14. Bb5+
Ke7 15. Be5 Qg5 16. f4 Qf5 17. Rc1 axb5 18. Rc7+ Kd8 19. O-O Ra5 20. Rd1+ Ke8
21. Rc8+ Ke7 22. Rdc1 1-0

[Event "ODJM C 2022"]
[Site "Willingen GER"]
[Date "2022.06.08"]
[Round "5"]
[White "Moissl, Julian"]
[Black "Fröhlich, Niklas"]
[Result "0-1"]
[Termination "normal"]
[Board "11"]
[WhiteElo "1146"]
[BlackElo "1242"]
[PlyCount "58"]
[WhiteFideId "16295129"]
[BlackFideId "16245016"]
[EventCountry "GER"]
[EventRounds "9"]
[EventType "swiss"]
[EventDate "2022.06.04"]

1. d4 Nf6 2. c4 g6 3. Nc3 d6 4. e4 Bg7 5. Nf3 O-O 6. Be2 Nbd7 7. O-O c5 8. d5
Re8 9. a3 Ng4 10. Bd2 a5 11. h3 Nge5 12. Rb1 b6 13. Ne1 Ba6 14. Qa4 Nf6 15. f4
Ned7 16. Nd3 e6 17. Be1 exd5 18. cxd5 Nxe4 19. Nxe4 Bd4+ 20. Kh1 Rxe4 21. Qc2
Qf6 22. Nxc5 Nxc5 23. Bxa6 Rxa6 24. b4 Rxf4 25. Rxf4 Qxf4 26. Bd2 Qe4 27. Qc4
Qxb1+ 28. Kh2 Be5+ 29. g3 Qb2 0-1

[Event "ODJM C 2022"]
[Site "Willingen GER"]
[Date "2022.06.08"]
[Round "5"]
[White "Zinnikus, Elias"]
[Black "Aguike, Chidera"]
[Result "1-0"]
[Termination "normal"]
[Board "12"]
[WhiteElo "1282"]
[BlackElo "1266"]
[PlyCount "69"]
[WhiteFideId "16245024"]
[BlackFideId "34611339"]
[EventCountry "GER"]
[EventRounds "9"]
[EventType "swiss"]
[EventDate "2022.06.04"]

1. Nf3 Nc6 2. d4 d5 3. c4 e6 4. Bg5 Be7 5. Bf4 Nf6 6. e3 O-O 7. Nc3 Bd7 8. Bd3
h6 9. O-O a6 10. Qc2 Bd6 11. Bxd6 cxd6 12. Rfe1 Qe8 13. a3 dxc4 14. Bxc4 d5 15.
Bd3 e5 16. dxe5 Nxe5 17. Be2 Bg4 18. Rad1 Nxf3+ 19. Bxf3 Bxf3 20. gxf3 Qe6 21.
Qd3 Rad8 22. Qd4 Qh3 23. Qf4 Rfe8 24. e4 Nh5 25. Qg4 Nf4 26. Qxf4 Re6 27. Kh1
Rg6 28. Rg1 Rdd6 29. Rxg6 Rxg6 30. Rg1 Rf6 31. Qxf6 g6 32. Nxd5 Kh7 33. Ne7 Qh5
34. Qxf7+ Kh8 35. Qg8# 1-0

[Event "ODJM C 2022"]
[Site "Willingen GER"]
[Date "2022.06.08"]
[Round "5"]
[White "Peglau, Lorena"]
[Black "Winkler, Frida"]
[Result "1-0"]
[Termination "normal"]
[Board "13"]
[WhiteElo "1224"]
[BlackElo "960"]
[PlyCount "79"]
[WhiteFideId "16290542"]
[BlackFideId "34622322"]
[EventCountry "GER"]
[EventRounds "9"]
[EventType "swiss"]
[EventDate "2022.06.04"]

1. d4 d5 2. Nf3 Nf6 3. Bf4 e6 4. e3 Bd6 5. Bxd6 Qxd6 6. Ne5 Qb4+ 7. Qd2 Qxb2 8.
Qc3 Qxc3+ 9. Nxc3 O-O 10. Nb5 Nbd7 11. Nxc7 Rb8 12. Nxd7 Bxd7 13. Nb5 Bxb5 14.
Bxb5 a6 15. Bd3 Rbc8 16. Rc1 Rc7 17. c4 Rfc8 18. c5 Nd7 19. a4 e5 20. O-O exd4
21. exd4 a5 22. Bf5 g6 23. Bxd7 Rxd7 24. Rb1 Re7 25. Rfd1 Rce8 26. g3 Rb8 27.
Kf1 Re6 28. Re1 Rxe1+ 29. Kxe1 Re8+ 30. Kf1 Re4 31. Rxb7 Rxd4 32. c6 Rxa4 33.
c7 Ra1+ 34. Kg2 d4 35. c8=Q+ Kg7 36. Qd7 Kf6 37. Qxd4+ Kg5 38. Qf4+ Kh5 39.
Rb5+ f5 40. Qh4# 1-0

[Event "ODJM C 2022"]
[Site "Willingen GER"]
[Date "2022.06.08"]
[Round "5"]
[White "Classen, Miguel"]
[Black "Yan, Haichen"]
[Result "1-0"]
[Termination "normal"]
[Board "14"]
[WhiteElo "881"]
[BlackElo "1188"]
[PlyCount "57"]
[WhiteFideId "34623825"]
[BlackFideId "34607951"]
[EventCountry "GER"]
[EventRounds "9"]
[EventType "swiss"]
[EventDate "2022.06.04"]

1. e4 c5 2. Nf3 d6 3. d4 cxd4 4. Nxd4 Nf6 5. Nc3 a6 6. Be3 e6 7. Bc4 b5 8. Bb3
b4 9. Nxe6 Bxe6 10. Nd5 Nxd5 11. Bxd5 Bxd5 12. Qxd5 Nd7 13. f4 Rc8 14. Rc1 Nf6
15. Qb7 a5 16. e5 dxe5 17. fxe5 Nd5 18. Rd1 Rc7 19. Bb6 Rxb7 20. Bxd8 Kxd8 21.
Rxd5+ Rd7 22. Rxa5 g6 23. O-O Bc5+ 24. Kh1 Bd4 25. Ra8+ Kc7 26. Rxh8 Bxe5 27.
Rxh7 Bxb2 28. Rh4 Bf6 29. Rxb4 1-0

[Event "ODJM C 2022"]
[Site "Willingen GER"]
[Date "2022.06.08"]
[Round "5"]
[White "Hapke, Marvin"]
[Black "Steinkamp, Matthis"]
[Result "1-0"]
[Termination "normal"]
[Board "15"]
[WhiteElo "1262"]
[BlackElo "942"]
[PlyCount "51"]
[WhiteFideId "12996580"]
[BlackFideId "16287622"]
[EventCountry "GER"]
[EventRounds "9"]
[EventType "swiss"]
[EventDate "2022.06.04"]

1. e4 c5 2. Nf3 Nc6 3. d4 cxd4 4. Nxd4 Nxd4 5. Qxd4 Qc7 6. Nc3 e5 7. Qd3 Nf6 8.
Be3 d6 9. Be2 Be6 10. f3 Rd8 11. O-O-O a6 12. Nd5 Nxd5 13. exd5 Bd7 14. f4 Be7
15. fxe5 dxe5 16. d6 Qxd6 17. Qxd6 Bxd6 18. Rxd6 O-O 19. Rhd1 f5 20. Rxd7 Rxd7
21. Rxd7 f4 22. Bb6 Rf6 23. Bc5 e4 24. Bc4+ Kh8 25. Rd8+ Rf8 26. Rxf8# 1-0

[Event "ODJM C 2022"]
[Site "Willingen GER"]
[Date "2022.06.08"]
[Round "5"]
[White "Stepanjan, Tatevik Mia"]
[Black "Wolf, Adam"]
[Result "1-0"]
[Termination "normal"]
[Board "16"]
[WhiteElo "1057"]
[BlackElo "926"]
[PlyCount "89"]
[WhiteFideId "16246128"]
[BlackFideId "34623426"]
[EventCountry "GER"]
[EventRounds "9"]
[EventType "swiss"]
[EventDate "2022.06.04"]

1. e4 e5 2. Nf3 Nc6 3. Bb5 Nf6 4. Nc3 Bb4 5. d3 d6 6. Bg5 Bd7 7. O-O O-O 8. Nd5
Bg4 9. h3 Bh5 10. Bxc6 bxc6 11. Nxb4 c5 12. Nd5 c6 13. Nxf6+ gxf6 14. Bh6 Re8
15. Qe2 Bxf3 16. Qxf3 Kh8 17. Qg3 Rg8 18. Qh4 Rb8 19. b3 d5 20. exd5 cxd5 21.
Rfe1 Re8 22. Re3 Rb4 23. Qh5 Rb7 24. Rg3 Rg8 25. Qh4 Rg6 26. Rxg6 fxg6 27. Re1
d4 28. Rxe5 g5 29. Bxg5 fxg5 30. Qxg5 Qxg5 31. Rxg5 Rc7 32. f4 h6 33. Rh5 Kh7
34. g4 Kg7 35. Kg2 Rc6 36. Kf3 Kf6 37. Ke4 Ke7 38. f5 Kf7 39. g5 hxg5 40. Rxg5
Rh6 41. f6 Rxh3 42. Rxc5 Rh4+ 43. Ke5 Rh5+ 44. Kxd4 Rxc5 45. Kxc5 1-0

[Event "ODJM C 2022"]
[Site "Willingen GER"]
[Date "2022.06.08"]
[Round "5"]
[White "Bücker, Phil"]
[Black "Eitel, Luc"]
[Result "1/2-1/2"]
[Termination "normal"]
[Board "17"]
[WhiteElo "933"]
[BlackElo "1220"]
[PlyCount "105"]
[WhiteFideId "34623841"]
[BlackFideId "16299728"]
[EventCountry "GER"]
[EventRounds "9"]
[EventType "swiss"]
[EventDate "2022.06.04"]

1. d4 Nf6 2. Nc3 d5 3. Bf4 e6 4. e3 a6 5. Bd3 c5 6. dxc5 Bxc5 7. Nf3 Nc6 8. Ne5
Nxe5 9. Bxe5 Bd6 10. Bd4 e5 11. Bxe5 Bxe5 12. Qd2 O-O 13. O-O-O Qa5 14. a3 Bxc3
15. Qxc3 Qxc3 16. bxc3 Ne4 17. Bxe4 dxe4 18. Rd4 Re8 19. Rhd1 Bf5 20. h3 h6 21.
g4 Bg6 22. h4 h5 23. gxh5 Bxh5 24. R1d2 Bf3 25. c4 Rac8 26. Kb2 f6 27. Kc3 Kf8
28. Kb4 Ke7 29. Rd7+ Kf8 30. Rxb7 Re7 31. Rb6 a5+ 32. Kxa5 Rxc4 33. Kb5 Rec7
34. Rb8+ Rc8 35. Rd8+ Rxd8 36. Rxd8+ Ke7 37. Rd2 Rc8 38. c4 Bh5 39. c5 Be8+ 40.
Kb6 Rc6+ 41. Kb7 Rxc5 42. Kb6 Rh5 43. Rd4 Rxh4 44. a4 Bxa4 45. Rxa4 f5 46. f4
Rh3 47. Ra3 Kf7 48. Kc6 Kf6 49. Kc5 Kg6 50. Ra6+ Kf7 51. Kd5 Rg3 52. Ke5 Rxe3
53. Kxf5 1/2-1/2

[Event "ODJM C 2022"]
[Site "Willingen GER"]
[Date "2022.06.08"]
[Round "5"]
[White "Seelinger, Elina"]
[Black "Lola, Ioanna-Maria"]
[Result "1-0"]
[Termination "normal"]
[Board "19"]
[WhiteElo "1022"]
[BlackElo "842"]
[PlyCount "77"]
[WhiteFideId "34623485"]
[BlackFideId "34620397"]
[EventCountry "GER"]
[EventRounds "9"]
[EventType "swiss"]
[EventDate "2022.06.04"]

1. e4 e5 2. Nf3 Nc6 3. Bc4 Bc5 4. c3 d6 5. d3 Nge7 6. O-O O-O 7. d4 Bb6 8. Re1
Ng6 9. Be3 Na5 10. Bd3 Be6 11. Nbd2 c5 12. d5 Bd7 13. b4 c4 14. Bc2 Bxe3 15.
Rxe3 Qc7 16. bxa5 f5 17. exf5 Bxf5 18. Bxf5 Rxf5 19. Qe2 Qc5 20. Qxc4 Qxa5 21.
Ne4 Rd8 22. Qb4 Qc7 23. Rb1 b6 24. Nfd2 Ne7 25. c4 Rf4 26. g3 Rg4 27. h3 Rg6
28. Nf3 Nf5 29. Rc3 h5 30. Nfg5 Rf8 31. Ne6 Qe7 32. Nxf8 Kxf8 33. Rf3 Qd7 34.
Qb5 Qc8 35. Qc6 Qa6 36. Rxf5+ Kg8 37. Qe8+ Kh7 38. Rxh5+ Rh6 39. Ng5# 1-0

[Event "ODJM C 2022"]
[Site "Willingen GER"]
[Date "2022.06.08"]
[Round "5"]
[White "Weidenhöfer, Ben"]
[Black "Rabe, Elina"]
[Result "1-0"]
[Termination "normal"]
[Board "20"]
[WhiteElo "1044"]
[BlackElo "764"]
[PlyCount "95"]
[WhiteFideId "16273702"]
[BlackFideId "34623531"]
[EventCountry "GER"]
[EventRounds "9"]
[EventType "swiss"]
[EventDate "2022.06.04"]

1. d4 d5 2. e3 Nf6 3. Bd3 Nc6 4. f4 e6 5. c3 g6 6. Nf3 Bg7 7. O-O O-O 8. Ne5
Bd7 9. Nd2 Qe7 10. Ndf3 Ne4 11. Bd2 Rad8 12. Be1 Bf6 13. Qc2 Bxe5 14. fxe5 f5
15. Bxe4 dxe4 16. Bh4 Qf7 17. Bxd8 Rxd8 18. Ng5 Qe7 19. Nh3 Qh4 20. Rf4 Qh6 21.
Qf2 g5 22. Nxg5 Qxg5 23. Rh4 Ne7 24. Rh3 Ng6 25. Rg3 Qe7 26. Qf4 Kf7 27. Qh6
Qh4 28. Qxh4 Nxh4 29. Rh3 Ng6 30. Rxh7+ Kf8 31. Rf1 Re8 32. Rxd7 Re7 33. Rxe7
Kxe7 34. g3 b6 35. h4 c5 36. h5 Nh8 37. Rf2 Kf7 38. h6 Ng6 39. h7 Kg7 40. Rh2
a5 41. a4 c4 42. Rh5 Kh8 43. Rh2 Kg7 44. h8=Q+ Nxh8 45. g4 fxg4 46. Rh4 Nf7 47.
Rxg4+ Kf8 48. Rxe4 1-0

[Event "ODJM C 2022"]
[Site "Willingen GER"]
[Date "2022.06.08"]
[Round "5"]
[White "Lau, Lars"]
[Black "Hellmann, Alexander"]
[Result "1-0"]
[Termination "normal"]
[Board "21"]
[WhiteElo "929"]
[BlackElo "949"]
[PlyCount "59"]
[WhiteFideId "34623663"]
[BlackFideId "34612050"]
[EventCountry "GER"]
[EventRounds "9"]
[EventType "swiss"]
[EventDate "2022.06.04"]

1. c4 c6 2. Nc3 d5 3. e3 Bf5 4. Nf3 Nf6 5. b3 Nbd7 6. Bb2 e6 7. Be2 Bd6 8. d4
O-O 9. Bd3 Re8 10. c5 Bc7 11. O-O b6 12. Qc2 Bxd3 13. Qxd3 bxc5 14. dxc5 Nxc5
15. Qd4 Bd6 16. Rae1 Qc7 17. e4 Ng4 18. g3 e5 19. Qd2 d4 20. Ne2 Nxe4 21. Qc2
Rad8 22. Qxe4 Nf6 23. Qc2 Bc5 24. Qxc5 Rd5 25. Qc2 d3 26. Qc3 dxe2 27. Rxe2 e4
28. Rfe1 Rd3 29. Rxe4 Nxe4 30. Qxg7# 1-0

[Event "ODJM C 2022"]
[Site "Willingen GER"]
[Date "2022.06.08"]
[Round "5"]
[White "Reh, Krispin"]
[Black "Hasselmann, Isabelle Sophia"]
[Result "1/2-1/2"]
[Termination "normal"]
[Board "23"]
[WhiteElo "1006"]
[BlackElo "1270"]
[PlyCount "96"]
[WhiteFideId "16299205"]
[BlackFideId "16266951"]
[EventCountry "GER"]
[EventRounds "9"]
[EventType "swiss"]
[EventDate "2022.06.04"]

1. e4 e6 2. Bc4 d5 3. exd5 exd5 4. Bb3 Nf6 5. d4 Nc6 6. Bg5 Be6 7. Nf3 Be7 8.
O-O O-O 9. Nc3 h6 10. Bf4 a6 11. Re1 Bg4 12. h3 Bxf3 13. Qxf3 Nxd4 14. Qd3 Nxb3
15. axb3 c6 16. Qg3 Nh5 17. Qg4 Nxf4 18. Qxf4 Re8 19. Qg4 Qb6 20. Qd7 Rad8 21.
Qf5 Bf6 22. Na4 Rxe1+ 23. Rxe1 Qb4 24. Re3 Qa5 25. Qf4 b5 26. b4 Qxa4 27. Rg3
Qa1+ 28. Kh2 Qxb2 29. c3 Kh8 30. Qc7 Rf8 31. Rf3 Qe2 32. Qd6 Be5+ 33. Qxe5
Qxe5+ 34. g3 Qe2 35. Kg2 h5 36. Re3 Qd1 37. g4 hxg4 38. hxg4 Qxg4+ 39. Rg3 Qe4+
40. f3 Qe2+ 41. Kh3 Qf1+ 42. Kg4 Qc4+ 43. f4 f5+ 44. Kg5 g6 45. Rh3+ Kg7 46.
Rh2 Qxc3 47. Rh3 Qe1 48. Rh7+ Kxh7 1/2-1/2

[Event "ODJM C 2022"]
[Site "Willingen GER"]
[Date "2022.06.08"]
[Round "5"]
[White "Schwarzfischer, Ramona"]
[Black "Zheng, Yanchen"]
[Result "0-1"]
[Termination "normal"]
[Board "27"]
[WhiteElo "775"]
[BlackElo "1111"]
[PlyCount "50"]
[WhiteFideId "16268113"]
[BlackFideId "34622268"]
[EventCountry "GER"]
[EventRounds "9"]
[EventType "swiss"]
[EventDate "2022.06.04"]

1. e4 c5 2. Nc3 Nc6 3. Bc4 Nf6 4. Nf3 e6 5. d3 Be7 6. Be3 O-O 7. h3 a6 8. d4 d5
9. Bd3 cxd4 10. Bxd4 Nxd4 11. Nxd4 b5 12. g4 dxe4 13. Nc6 Qc7 14. Nxe7+ Qxe7
15. Nxe4 Bb7 16. f3 Rfd8 17. Nxf6+ Qxf6 18. Rf1 Qxb2 19. f4 Qb4+ 20. Qd2 Qe7
21. Qe2 Re8 22. f5 Qh4+ 23. Kd1 exf5 24. Qg2 Bxg2 25. Rxf5 Qe1# 0-1

[Event "ODJM C 2022"]
[Site "Willingen GER"]
[Date "2022.06.08"]
[Round "5"]
[White "Kanno, Gabriel"]
[Black "Kulgemeyer, Justus"]
[Result "0-1"]
[Termination "normal"]
[Board "28"]
[WhiteElo "838"]
[BlackElo "797"]
[PlyCount "64"]
[WhiteFideId "34623973"]
[BlackFideId "34623671"]
[EventCountry "GER"]
[EventRounds "9"]
[EventType "swiss"]
[EventDate "2022.06.04"]

1. e4 e5 2. Nf3 Nc6 3. Bc4 Bc5 4. d3 h6 5. Nc3 d6 6. h3 Nf6 7. O-O Qe7 8. Be3
Bxe3 9. fxe3 Be6 10. Bb5 a6 11. Bxc6+ bxc6 12. d4 exd4 13. exd4 Bc4 14. Re1 O-O
15. b3 Be6 16. e5 dxe5 17. dxe5 Rad8 18. Qe2 Nh5 19. Qxa6 Qc5+ 20. Kh2 Qxc3 21.
Qa7 Qxc2 22. Qxc7 Bd5 23. Qe7 Bxf3 24. Rg1 Rfe8 25. Qc7 Qd2 26. Kh1 Ng3+ 27.
Kh2 Qf4 28. gxf3 Ne2+ 29. Kh1 Nxg1 30. Rxg1 Qxf3+ 31. Kh2 Rd2+ 32. Rg2 Qxg2#
0-1

[Event "ODJM C 2022"]
[Site "Willingen GER"]
[Date "2022.06.08"]
[Round "6"]
[White "Braschler, David"]
[Black "Heß, Maxim"]
[Result "0-1"]
[Termination "normal"]
[Board "5"]
[WhiteElo "1046"]
[BlackElo "1146"]
[WhiteClock "00:29:36"]
[BlackClock "00:28:26"]
[PlyCount "88"]
[WhiteFideId "34623850"]
[BlackFideId "16287550"]
[EventCountry "GER"]
[EventRounds "9"]
[EventType "swiss"]
[EventDate "2022.06.04"]

1. e4 {[%clk 1:30:57]} c5 {[%clk 1:30:58]} 2. Nf3 {[%clk 1:31:22]} e6 {[%clk
1:31:23]} 3. d4 {[%clk 1:31:43]} cxd4 {[%clk 1:31:49]} 4. Nxd4 {[%clk 1:32:08]}
a6 {[%clk 1:32:15]} 5. c4 {[%clk 1:32:25]} Nf6 {[%clk 1:31:22]} 6. Nc3 {[%clk
1:32:39]} Qc7 {[%clk 1:31:37]} 7. Be3 {[%clk 1:31:02]} Bb4 {[%clk 1:30:10]} 8.
Qc2 {[%clk 1:24:01]} d5 {[%clk 1:28:10]} 9. Qa4+ {[%clk 1:22:58]} Nc6 {[%clk
1:27:55]} 10. Nxc6 {[%clk 1:20:35]} Bxc3+ {[%clk 1:28:20]} 11. bxc3 {[%clk
1:20:26]} bxc6 {[%clk 1:27:53]} 12. cxd5 {[%clk 1:18:56]} exd5 {[%clk 1:28:11]}
13. Bd3 {[%clk 1:14:20]} O-O {[%clk 1:27:20]} 14. O-O {[%clk 1:14:07]} Bd7
{[%clk 1:24:13]} 15. exd5 {[%clk 1:01:54]} Ng4 {[%clk 1:17:16]} 16. g3 {[%clk
0:55:22]} Nxe3 {[%clk 1:16:59]} 17. fxe3 {[%clk 0:55:00]} cxd5 18. Qd4 {[%clk
0:54:28]} Bb5 {[%clk 1:14:52]} 19. Rfb1 {[%clk 0:52:08]} Bxd3 {[%clk 1:13:01]}
20. Qxd3 {[%clk 0:52:23]} Rfe8 {[%clk 1:00:38]} 21. Rb4 {[%clk 0:50:45]} Qe5
{[%clk 0:48:20]} 22. Re1 {[%clk 0:49:14]} g6 {[%clk 0:47:22]} 23. Kf2 {[%clk
0:47:34]} Re6 {[%clk 0:45:07]} 24. e4 {[%clk 0:44:41]} Rc8 {[%clk 0:36:15]} 25.
Re3 {[%clk 0:23:04]} dxe4 {[%clk 0:19:06]} 26. Rbxe4 {[%clk 0:14:20]} Qf5+
{[%clk 0:09:35]} 27. Kg2 {[%clk 0:11:51]} Rxe4 {[%clk 0:09:27]} 28. Rxe4 {[%clk
0:07:07]} Qa5 {[%clk 0:06:19]} 29. c4 {[%clk 0:05:48]} Qxa2+ {[%clk 0:06:00]}
30. Kh3 {[%clk 0:06:05]} Qa5 {[%clk 0:05:46]} 31. Qd4 {[%clk 0:05:52]} Qf5+
{[%clk 0:03:13]} 32. Kg2 {[%clk 0:04:11]} h5 {[%clk 0:03:00]} 33. Rf4 {[%clk
0:04:19]} Qe6 {[%clk 0:03:00]} 34. Re4 {[%clk 0:03:56]} Qc6 {[%clk 0:03:01]}
35. Kh3 {[%clk 0:03:53]} a5 {[%clk 0:03:16]} 36. c5 {[%clk 0:04:01]} Kh7 {[%clk
0:02:35]} 37. Re7 {[%clk 0:03:33]} Rf8 {[%clk 0:02:20]} 38. Ra7 {[%clk
0:02:47]} Qb5 {[%clk 0:01:04]} 39. Qd6 {[%clk 0:02:38]} Qf1+ {[%clk 0:00:33]}
40. Kh4 {[%clk 0:02:22]} Qf5 {[%clk 0:00:49]} 41. Qf4 {[%clk 0:01:48]} Qxc5
{[%clk 0:28:27]} 42. Rxf7+ {[%clk 0:30:25]} Kg8 {[%clk 0:28:00]} 43. Rxf8+
{[%clk 0:30:17]} Qxf8 {[%clk 0:28:22]} 44. Qa4 {[%clk 0:29:36]} Qb4+ {[%clk
0:28:26]} 0-1